000
00237nam a2200085Ia 4500
245
0
_a
Can't keep trackula of Jackula
100
_a
Mullarkey, Lisa Edina, Minn., [c.2009]
942
_c
BK
008
210817s9999 xx 000 0 und d
999
_c
289958
_d
289958